| 000 | 00560nam a2200217Ia 4500 | ||
|---|---|---|---|
| 008 | 160517s9999 xx 000 0 und d | ||
| 020 | _a1-903112-52-4 | ||
| 050 | _aComSc QA 76.7 | ||
| 050 | _b.E93 2003 | ||
| 100 | _aEvans, P. | ||
| 245 | _aBasic control with logo / | ||
| 245 | _cP. Evans. | ||
| 260 | _aGreat Britain : | ||
| 260 | _bPayne-Gallway Pub. Limited., | ||
| 260 | _c2003 | ||
| 300 | _a64 pages : | ||
| 300 | _bcol. ill. ; | ||
| 300 | _c30 cm. | ||
| 500 | _aIncludes index. | ||
| 650 | _aProgramming languages (Electronic computers). | ||
| 999 |
_c294112 _d294112 |
||